000
00303nam a2200097Ia 4500
082
_a
320.9680207 BEST
245
0
_a
The best of Hayibo.com : breaking news into lots of little pieces
100
_a
Hayibo.com Aukland Park, 2009
_9
94685
942
_c
BK
008
210817s9999 xx 000 0 und d
999
_c
388111
_d
388110